[Event "Moscow Blondes-Brunettes m 13th"]
[Site "Moscow"]
[Date "2024.03.14"]
[Round "4.6"]
[White "Bogumil, Tatiana"]
[Black "Fominykh, Maria"]
[Result "0-1"]
[WhiteElo "2090"]
[BlackElo "2186"]
[PlyCount "36"]
[EventDate "2024.03.14"]
[EventType "schev (blitz)"]
[EventRounds "8"]
[EventCountry "RUS"]
[SourceTitle "CB13_2024"]
[SourceDate "2024.03.27"]
[SourceVersion "1"]
[SourceVersionDate "2024.03.27"]
[SourceQuality "1"]
[WhiteTeam "Brunettes"]
[BlackTeam "Blondes"]
[WhiteTeamCountry "RUS"]
[BlackTeamCountry "RUS"]

1. Nf3 Nf6 2. c4 e6 3. b3 d5 4. Bb2 Be7 5. cxd5 exd5 6. g3 c6 7. Bg2 0-0 8. 0-0 Nbd7 9. d3 Re8 10. Nbd2 a5 11. a3 Qb6 12. e4 h6 13. e5 Nf8 14. d4 N6d7 15. Qc1 Ne6 16. Re1 Ndf8 17. h4 Bd7 18. Qc2 Rac8 0-1

[Event "Moscow Blondes-Brunettes m 13th"]
[Site "Moscow"]
[Date "2024.03.14"]
[Round "6.6"]
[White "Kirchei, Viktoriia"]
[Black "Fominykh, Maria"]
[Result "0-1"]
[WhiteElo "2070"]
[BlackElo "2186"]
[PlyCount "75"]
[EventDate "2024.03.14"]
[EventType "schev (blitz)"]
[EventRounds "8"]
[EventCountry "RUS"]
[SourceTitle "CB13_2024"]
[SourceDate "2024.03.27"]
[SourceVersion "1"]
[SourceVersionDate "2024.03.27"]
[SourceQuality "1"]
[WhiteTeam "Brunettes"]
[BlackTeam "Blondes"]
[WhiteTeamCountry "RUS"]
[BlackTeamCountry "RUS"]

1. e4 d6 2. d4 Nf6 3. Nc3 e5 4. Nge2 c6 5. g3 Be7 6. Bg2 b5 7. a3 a6 8. 0-0 0-0 9. h3 Nbd7 10. f4 Bb7 11. Be3 exd4 12. Nxd4 c5 13. Nf5 b4 14. axb4 cxb4 15. Nd5 Bxd5 16. exd5 Re8 17. g4 Bf8 18. Bd4 Nb6 19. Ne3 Ne4 20. Qd3 Nc5 21. Qd2 a5 22. f5 Qg5 23. Qf2 Nbd7 24. Rae1 Ne4 25. Bxe4 Rxe4 26. Ng2 Rae8 27. Rxe4 Rxe4 28. Nf4 Ne5 29. Be3 Qe7 30. Re1 Qc7 31. Qg2 Rc4 32. Re2 a4 33. Bc1 a3 34. bxa3 bxa3 35. f6 a2 36. Bb2 Qb6+ 37. Kh2 Qxb2 38. fxg7 0-1

[Event "Swiss Queens Wed #5"]
[Site "FIDE Online Arena INT"]
[Date "2024.02.28"]
[Round "2"]
[White "Fominykh, Maria"]
[Black "Mkrtchyan, Mariam"]
[Result "0-1"]
[WhiteElo "2186"]
[BlackElo "2344"]
[PlyCount "74"]
[EventDate "2024.02.28"]
[EventType "swiss (blitz)"]
[EventRounds "11"]
[EventCountry "NET"]
[SourceTitle "CB10_2024"]
[SourceDate "2024.03.06"]
[SourceVersion "1"]
[SourceVersionDate "2024.03.06"]
[SourceQuality "1"]

1. d4 d5 2. c4 e6 3. Nc3 Nf6 4. cxd5 exd5 5. Bg5 Be7 6. e3 0-0 7. Bd3 Re8 8. Qc2 h6 9. Bh4 c6 10. Nge2 a5 11. f3 b5 12. 0-0 Bb7 13. Bf2 Nbd7 14. e4 dxe4 15. Nxe4 Rc8 16. Nc5 Nxc5 17. dxc5 Nd5 18. Rad1 Bf6 19. Nf4 b4 20. Be4 Re7 21. Rfe1 Rcc7 22. Bg3 Rcd7 23. Nxd5 cxd5 24. Bh7+ Kh8 25. c6 Rxe1+ 26. Rxe1 Bxc6 27. Bf5 Bb5 28. Bxd7 Qxd7 29. Qc5 Bxb2 30. Qf8+ Kh7 31. Re7 Qc6 32. h4 Bd4+ 33. Kh2 Qc1 34. Qxf7 Qg1+ 35. Kh3 Qh1+ 36. Bh2 Bd3 37. Qf4 Bg1 0-1

[Event "Swiss Queens Wed #5"]
[Site "FIDE Online Arena INT"]
[Date "2024.02.28"]
[Round "10"]
[White "Fominykh, Maria"]
[Black "Sachi, Jain"]
[Result "0-1"]
[WhiteElo "2186"]
[BlackElo "1987"]
[PlyCount "74"]
[EventDate "2024.02.28"]
[EventType "swiss (blitz)"]
[EventRounds "11"]
[EventCountry "NET"]
[SourceTitle "CB10_2024"]
[SourceDate "2024.03.06"]
[SourceVersion "1"]
[SourceVersionDate "2024.03.06"]
[SourceQuality "1"]

1. d4 d5 2. c4 e6 3. Nf3 Nf6 4. Nc3 Be7 5. Bg5 h6 6. Bh4 0-0 7. e3 b6 8. cxd5 Nxd5 9. Bxe7 Qxe7 10. Nxd5 exd5 11. Qc2 Be6 12. Bd3 c5 13. dxc5 bxc5 14. 0-0 Nd7 15. Rac1 Rfc8 16. Bf5 Qf6 17. Bxe6 fxe6 18. b3 e5 19. Rfd1 Qe6 20. Qc3 e4 21. Ne1 Rf8 22. Qd2 Rf5 23. f4 exf3 24. Nxf3 Raf8 25. b4 Qe7 26. bxc5 Nxc5 27. Nd4 Rh5 28. Rf1 Ne4 29. Rxf8+ Qxf8 30. Qe2 Re5 31. Qg4 Qf2+ 32. Kh1 Qxe3 33. Qc8+ Kh7 34. Nf5 Nf2+ 35. Kg1 Nh3+ 36. Kh1 Qg1+ 37. Rxg1 Nf2# 0-1

[Event "Swiss Queens Wed #5"]
[Site "FIDE Online Arena INT"]
[Date "2024.02.28"]
[Round "5"]
[White "Jakubowska, Anna"]
[Black "Fominykh, Maria"]
[Result "1-0"]
[WhiteElo "2139"]
[BlackElo "2186"]
[PlyCount "83"]
[EventDate "2024.02.28"]
[EventType "swiss (blitz)"]
[EventRounds "11"]
[EventCountry "NET"]
[SourceTitle "CB10_2024"]
[SourceDate "2024.03.06"]
[SourceVersion "1"]
[SourceVersionDate "2024.03.06"]
[SourceQuality "1"]

1. e4 e6 2. d4 d5 3. Nd2 c5 4. Ngf3 Nc6 5. exd5 Qxd5 6. Bc4 Qd8 7. 0-0 cxd4 8. Nb3 a6 9. Nbxd4 Nxd4 10. Nxd4 Qc7 11. Bb3 Nf6 12. c3 Bd6 13. h3 h6 14. Re1 0-0 15. Qf3 Be5 16. Bd2 Bd7 17. Rxe5 Qxe5 18. Bf4 Qh5 19. g4 Qh4 20. Kg2 Rfe8 21. Qxb7 e5 22. Nf3 Rac8 23. Nxh4 Bc6+ 24. Qxc6 Rxc6 25. Be3 Rd8 26. Nf5 Kf8 27. g5 hxg5 28. Bxg5 Rd7 29. Ba4 Rdc7 30. Bxc6 Rxc6 31. Bxf6 Rxf6 32. Ng3 Rb6 33. b3 f6 34. Rd1 Kf7 35. Rd7+ Kg6 36. h4 a5 37. h5+ Kh7 38. Nf5 a4 39. Rxg7+ Kh8 40. b4 Rc6 41. h6 Rxc3 42. Ne7 1-0

[Event "Swiss Queens Wed #1"]
[Site "FIDE Online Arena INT"]
[Date "2024.01.31"]
[Round "8"]
[White "Fominykh, Maria"]
[Black "Mikhaylova, Irina"]
[Result "1-0"]
[WhiteElo "2186"]
[BlackElo "2169"]
[PlyCount "143"]
[EventDate "2024.01.31"]
[EventType "swiss (blitz)"]
[EventRounds "11"]
[EventCountry "NET"]
[SourceTitle "CB06_2024"]
[SourceDate "2024.02.07"]
[SourceVersion "1"]
[SourceVersionDate "2024.02.07"]
[SourceQuality "1"]

1. d4 Nf6 2. c4 g6 3. Nc3 d5 4. cxd5 Nxd5 5. e4 Nxc3 6. bxc3 Bg7 7. Nf3 c5 8. Bc4 0-0 9. Rb1 Nc6 10. d5 Na5 11. Be2 e5 12. 0-0 b6 13. Bg5 f6 14. Bh4 Re8 15. Nd2 Nb7 16. Nc4 Nd6 17. f3 g5 18. Bf2 Nxc4 19. Bxc4 Qd6 20. a4 Bd7 21. Bb5 Red8 22. a5 Rab8 23. Qa4 Bf8 24. Bxd7 Qxd7 25. Qxd7 Rxd7 26. Rb2 Bd6 27. Rfb1 Rdb7 28. Kf1 Kf7 29. Ke2 Ke8 30. Kd3 Kd7 31. Kc4 Kc7 32. a6 Kc8 33. axb7+ Rxb7 34. Ra2 a5 35. Rb5 Bc7 36. g3 Ra7 37. h4 h6 38. hxg5 hxg5 39. Rb1 Kd7 40. Rh1 Kd6 41. Rh7 Ra8 42. Rf7 Bd8 43. Ra1 Be7 44. Kb5 Kd7 45. Rh7 Kd6 46. Rah1 a4 47. Kc4 Ra5 48. Rb1 b5+ 49. Rxb5 Ra6 50. Rb1 a3 51. Ra1 Ra4+ 52. Kb3 Ra6 53. Rxa3 Rb6+ 54. Kc2 Rb7 55. Rb3 Rc7 56. Rb6+ Kd7 57. d6 Rc6 58. Rxe7+ Kxd6 59. Rxc6+ Kxe7 60. Rxc5 Kf7 61. Rc4 Kg6 62. Rb4 g4 63. Rb6 gxf3 64. Kd2 Kg5 65. Ke3 f5 66. Kxf3 f4 67. gxf4+ exf4 68. Be3 Kh4 69. Bxf4 Kh3 70. Be3 Kh2 71. Rg6 Kh1 72. Rh6# 1-0

[Event "Swiss Queens Wed #1"]
[Site "FIDE Online Arena INT"]
[Date "2024.01.31"]
[Round "9"]
[White "Fominykh, Maria"]
[Black "Preobrazhenskaya, Diana"]
[Result "1-0"]
[WhiteElo "2186"]
[BlackElo "1937"]
[PlyCount "85"]
[EventDate "2024.01.31"]
[EventType "swiss (blitz)"]
[EventRounds "11"]
[EventCountry "NET"]
[SourceTitle "CB06_2024"]
[SourceDate "2024.02.07"]
[SourceVersion "1"]
[SourceVersionDate "2024.02.07"]
[SourceQuality "1"]

1. d4 Nf6 2. c4 e6 3. Nf3 b6 4. Nc3 Bb4 5. Bg5 Bb7 6. Qc2 h6 7. Bh4 g5 8. Bg3 Ne4 9. Nd2 Bxc3 10. bxc3 Nxd2 11. Qxd2 d6 12. h4 g4 13. d5 e5 14. e4 Nd7 15. h5 Nc5 16. Bh4 Qd7 17. Qe3 f5 18. exf5 Qxf5 19. Be2 Kd7 20. 0-0-0 Raf8 21. Bg3 Rf6 22. Rh4 Rg8 23. Rf1 e4 24. Rd1 a5 25. Kb2 a4 26. Ka1 Ba6 27. Rd4 Kc8 28. Bd1 Kb8 29. Bc2 Re8 30. Kb2 Bc8 31. a3 Nb7 32. Ka2 Nc5 33. Bb1 Bd7 34. Bc2 Re7 35. Kb2 Rf8 36. Ka2 Rh8 37. Bd1 Qg5 38. Be2 Qxe3 39. fxe3 Rg7 40. Bf4 Bf5 41. g3 Nd7 42. Bd1 Nf6 43. Bxa4 1-0

[Event "Swiss Queens Wed #1"]
[Site "FIDE Online Arena INT"]
[Date "2024.01.31"]
[Round "5"]
[White "Meghna, CH."]
[Black "Fominykh, Maria"]
[Result "1-0"]
[WhiteElo "1992"]
[BlackElo "2186"]
[PlyCount "57"]
[EventDate "2024.01.31"]
[EventType "swiss (blitz)"]
[EventRounds "11"]
[EventCountry "NET"]
[SourceTitle "CB06_2024"]
[SourceDate "2024.02.07"]
[SourceVersion "1"]
[SourceVersionDate "2024.02.07"]
[SourceQuality "1"]

1. d4 Nf6 2. Nf3 g6 3. Nc3 Bg7 4. e4 d6 5. Be3 Ng4 6. Bg5 h6 7. Bh4 Nc6 8. Bc4 0-0 9. Qd2 Nf6 10. 0-0 Bg4 11. Ne1 e5 12. h3 exd4 13. Nd5 Be6 14. Bxf6 Bxf6 15. Qxh6 Bg7 16. Qd2 Ne7 17. Nf3 c5 18. Rae1 Nxd5 19. Bxd5 Bxd5 20. exd5 Qd7 21. Ng5 Rae8 22. Qf4 Bh6 23. Qh4 Kg7 24. Ne4 Re5 25. Qf6+ Kg8 26. Nxd6 Rxd5 27. Ne4 Bg7 28. Qh4 Rf5 29. Ng5 1-0

[Event "RUS-chT Rapid (Women)"]
[Site "Sochi"]
[Date "2023.10.19"]
[Round "6.13"]
[White "Karmanova, Olga Dm"]
[Black "Fominykh, Maria"]
[Result "1/2-1/2"]
[WhiteElo "2141"]
[BlackElo "2186"]
[PlyCount "76"]
[EventDate "2023.10.18"]
[EventType "team-swiss (rapid)"]
[EventRounds "9"]
[EventCountry "RUS"]
[SourceTitle "Mega2024 Update 01"]
[Source "Chessbase"]
[SourceDate "2023.11.12"]
[SourceVersion "1"]
[SourceVersionDate "2023.11.12"]
[SourceQuality "1"]
[WhiteTeam "St Petersburg SShOR (W) II"]
[BlackTeam "Krasnodar Kassiopeya (W)"]
[WhiteTeamCountry "RUS"]
[BlackTeamCountry "RUS"]

1. e4 e6 2. d4 d5 3. Nc3 Nf6 4. e5 Nfd7 5. f4 c5 6. Nf3 Nc6 7. Ne2 Qb6 8. c3 a5 9. Rb1 cxd4 10. Nexd4 Bc5 11. Be3 f6 12. exf6 Nxf6 13. Ne5 0-0 14. Bd3 Nxd4 15. cxd4 Bb4+ 16. Ke2 Bd7 17. Nxd7 Nxd7 18. g3 Nf6 19. Kf2 Rac8 20. Qe2 Be7 21. Kg2 Rfe8 22. Rhc1 Bf8 23. Rc2 Rxc2 24. Qxc2 Kh8 25. h3 Qc6 26. Qe2 Rc8 27. Rc1 Qd7 28. Rc2 g6 29. Bf2 Kg7 30. Be1 b6 31. a3 Bd6 32. b4 axb4 33. axb4 Rxc2 34. Qxc2 Qc7 35. Qxc7+ Bxc7 36. Kf3 Ne8 37. g4 Nd6 38. h4 b5 1/2-1/2

[Event "RUS-ch Rapid (Women)"]
[Site "Sochi"]
[Date "2023.10.16"]
[Round "8"]
[White "Fominykh, Maria"]
[Black "Volchkova, Alena"]
[Result "1/2-1/2"]
[WhiteElo "2186"]
[BlackElo "1942"]
[PlyCount "71"]
[EventDate "2023.10.15"]
[EventType "swiss (rapid)"]
[EventRounds "11"]
[EventCountry "RUS"]
[SourceTitle "Mega2024 Update 01"]
[Source "Chessbase"]
[SourceDate "2023.11.12"]
[SourceVersion "1"]
[SourceVersionDate "2023.11.12"]
[SourceQuality "1"]

1. d4 Nf6 2. c4 e6 3. Nf3 c5 4. d5 exd5 5. cxd5 b5 6. Bf4 g6 7. e3 a6 8. a4 b4 9. Bc4 Bg7 10. 0-0 0-0 11. Nbd2 d6 12. a5 Re8 13. Qb3 Ra7 14. h3 Rae7 15. Bd3 Bb7 16. e4 Qc7 17. Rfc1 Qd8 18. Re1 Qc7 19. Qc2 Rd7 20. Nc4 Bf8 21. Qd2 Rdd8 22. Bg5 Nbd7 23. Qf4 Be7 24. Qh4 Rc8 25. e5 Nxd5 26. Bxe7 Rxe7 27. exd6 Rxe1+ 28. Rxe1 Qd8 29. Ng5 N7f6 30. Ne5 Qxd6 31. Nexf7 Qf4 32. Nh6+ Kh8 33. Nhf7+ Kg8 34. Nh6+ Kh8 35. Nhf7+ Kg8 36. Ne5 1/2-1/2

[Event "RUS-ch Rapid (Women)"]
[Site "Sochi"]
[Date "2023.10.16"]
[Round "11"]
[White "Karmanova, Olga Dm"]
[Black "Fominykh, Maria"]
[Result "1/2-1/2"]
[WhiteElo "2141"]
[BlackElo "2186"]
[PlyCount "134"]
[EventDate "2023.10.15"]
[EventType "swiss (rapid)"]
[EventRounds "11"]
[EventCountry "RUS"]
[SourceTitle "Mega2024 Update 01"]
[Source "Chessbase"]
[SourceDate "2023.11.12"]
[SourceVersion "1"]
[SourceVersionDate "2023.11.12"]
[SourceQuality "1"]

1. e4 d6 2. d4 Nf6 3. Nc3 e5 4. dxe5 dxe5 5. Qxd8+ Kxd8 6. Nf3 Bd6 7. Bg5 Be6 8. 0-0-0 Nbd7 9. Bh4 h6 10. Bb5 Kc8 11. h3 a6 12. Bd3 Nh5 13. Rhe1 Bb4 14. a3 Bxc3 15. bxc3 g5 16. Bg3 f6 17. Bh2 Nc5 18. Bf1 Rd8 19. Nd2 b5 20. f3 Na4 21. Re3 Kb7 22. Nb3 Rxd1+ 23. Kxd1 Rd8+ 24. Kc1 c5 25. c4 Kb6 26. Nd2 b4 27. Nb1 a5 28. g4 Ng7 29. Bg1 Kc6 30. axb4 axb4 31. Rb3 Nb6 32. Nd2 Bf7 33. c3 bxc3 34. Rxc3 Ne6 35. Be2 Nd4 36. Bd1 Ra8 37. Kb1 h5 38. Bf2 h4 39. Be3 Ne6 40. Be2 Ra4 41. Kb2 Rb4+ 42. Rb3 Rxb3+ 43. Nxb3 Nd4 44. Bxd4 exd4 45. Na5+ Kc7 46. Kb3 Nd7 47. Kc2 Ne5 48. Nb3 Kb6 49. Nd2 Ng6 50. Bf1 Ka5 51. Kb3 Ne5 52. Be2 Be8 53. Ka3 Ba4 54. Nb3+ Bxb3 55. Kxb3 d3 56. Bf1 d2 57. Be2 Ng6 58. Kc2 Nf4 59. Kxd2 Nxh3 60. f4 Nxf4 61. Bf3 Kb4 62. Ke3 Kxc4 63. e5 fxe5 64. Ke4 h3 65. Kxe5 Kd3 66. Kf5 Ke3 67. Bc6 c4 1/2-1/2

[Event "RUS-ch Rapid (Women)"]
[Site "Sochi"]
[Date "2023.10.15"]
[Round "2"]
[White "Fominykh, Maria"]
[Black "Charochkina, Daria"]
[Result "0-1"]
[WhiteElo "2186"]
[BlackElo "2301"]
[PlyCount "138"]
[EventDate "2023.10.15"]
[EventType "swiss (rapid)"]
[EventRounds "11"]
[EventCountry "RUS"]
[SourceTitle "Mega2024 Update 01"]
[Source "Chessbase"]
[SourceDate "2023.11.12"]
[SourceVersion "1"]
[SourceVersionDate "2023.11.12"]
[SourceQuality "1"]

1. d4 d5 2. c4 c6 3. Nf3 Nf6 4. Nc3 e6 5. Bg5 Nbd7 6. cxd5 exd5 7. e3 h6 8. Bh4 g5 9. Bg3 Nh5 10. Bd3 Nxg3 11. hxg3 Bg7 12. Bc2 Qe7 13. Qd3 Nb6 14. Nd2 Be6 15. f4 0-0-0 16. 0-0-0 Kb8 17. Kb1 Bc8 18. Rhe1 h5 19. Nf3 f6 20. e4 dxe4 21. Rxe4 Qc7 22. Qe2 Nd7 23. fxg5 Qxg3 24. Re7 Bf8 25. Ne4 Qg4 26. gxf6 Nb6 27. Nf2 Qg8 28. Qe5+ Ka8 29. f7 Qxg2 30. Re8 Bg7 31. Qe7 Rhxe8 32. fxe8Q Rxe8 33. Qxe8 Qxf3 34. Ne4 Qe2 35. Qg8 Qg4 36. Nd6 a5 37. Re1 Qxd4 38. Qb3 a4 39. Qc3 Qxc3 40. bxc3 Bd7 41. Rh1 Bg4 42. Bg6 Bxc3 43. Bxh5 Be6 44. Bf3 Be5 45. Ne4 Nc4 46. Kc2 Na3+ 47. Kd3 Bxa2 48. Rh5 Bb1+ 49. Ke2 Nc4 50. Nd2 Nxd2 51. Kxd2 Bc7 52. Kc3 a3 53. Kb3 a2 54. Kb2 Ka7 55. Bd1 Bd8 56. Rh6 Bg5 57. Re6 Bc1+ 58. Ka1 Bd2 59. Re2 Bc3+ 60. Rb2 Ka6 61. Be2+ Ka5 62. Bc4 b5 63. Be6 Bxb2+ 64. Kxb2 Kb4 65. Bf7 c5 66. Ka1 c4 67. Be8 c3 68. Bxb5 c2 69. Bd3 c1Q 0-1

[Event "RUS-ch Rapid (Women)"]
[Site "Sochi"]
[Date "2023.10.15"]
[Round "5"]
[White "Kalenichenko, Alina"]
[Black "Fominykh, Maria"]
[Result "0-1"]
[WhiteElo "2005"]
[BlackElo "2186"]
[PlyCount "110"]
[EventDate "2023.10.15"]
[EventType "swiss (rapid)"]
[EventRounds "11"]
[EventCountry "RUS"]
[SourceTitle "Mega2024 Update 01"]
[Source "Chessbase"]
[SourceDate "2023.11.12"]
[SourceVersion "1"]
[SourceVersionDate "2023.11.12"]
[SourceQuality "1"]

1. g3 Nf6 2. Bg2 g6 3. a3 Bg7 4. b4 e5 5. Bb2 d6 6. e3 0-0 7. Ne2 c6 8. d3 a5 9. h3 axb4 10. axb4 Rxa1 11. Bxa1 Na6 12. c3 Qe7 13. Nd2 d5 14. g4 h5 15. g5 Nh7 16. h4 f6 17. gxf6 Bxf6 18. Nf3 Bg4 19. b5 Nc7 20. c4 Bxf3 21. Bxf3 Bxh4 22. Ng3 Qf6 23. b6 Ne6 24. cxd5 cxd5 25. Rxh4 Qxh4 26. Bxd5 Qb4+ 27. Kf1 Qxb6 28. Bxe5 Nf6 29. Bc4 Ng4 30. Bf4 Rxf4 31. Bxe6+ Kh7 32. Bxg4 Rxg4 33. Qf3 Qc7 34. d4 Rg5 35. d5 Qc4+ 36. Kg1 Qxd5 37. Qf8 Qd7 38. Kh2 Qg7 39. Qd8 Re5 40. Qb8 Re7 41. Qf4 Qe5 42. Qh4 b5 43. Kg1 Kg7 44. Qb4 Kh6 45. Qh4 Qg5 46. Qd4 Qe5 47. Qd8 h4 48. Qf8+ Kh7 49. Ne2 Qg5+ 50. Kf1 h3 51. Ng3 Rd7 52. Qf3 Qd5 53. Ne4 Qd1+ 54. Qxd1 Rxd1+ 55. Ke2 h2 0-1

[Event "RUS-ch Blitz (Women)"]
[Site "Sochi"]
[Date "2023.10.14"]
[Round "5"]
[White "Fominykh, Maria"]
[Black "Gvanceladze, Anna"]
[Result "0-1"]
[WhiteElo "2186"]
[BlackElo "2077"]
[PlyCount "74"]
[EventDate "2023.10.14"]
[EventType "swiss (blitz)"]
[EventRounds "13"]
[EventCountry "RUS"]
[SourceTitle "Mega2024 Update 01"]
[Source "Chessbase"]
[SourceDate "2023.11.12"]
[SourceVersion "1"]
[SourceVersionDate "2023.11.12"]
[SourceQuality "1"]

1. d4 d5 2. Bf4 Nf6 3. e3 c5 4. c3 Nc6 5. Nd2 Bf5 6. h3 Qb6 7. Qb3 c4 8. Qxb6 axb6 9. g4 Bg6 10. g5 Ne4 11. Be2 e6 12. f3 Nxd2 13. Kxd2 b5 14. h4 h5 15. Nh3 b4 16. Nf2 Kd7 17. e4 Bd6 18. Bxd6 Kxd6 19. b3 bxc3+ 20. Kxc3 cxb3 21. axb3 Rhc8 22. Rxa8 Rxa8 23. Rd1 Ra2 24. Rd2 Rxd2 25. Kxd2 Nxd4 26. Bd1 f6 27. gxf6 gxf6 28. Ke3 e5 29. f4 Be8 30. fxe5+ fxe5 31. exd5 Kxd5 32. Ne4 Bg6 33. Nf6+ Ke6 34. Nxh5 Bxh5 35. Bxh5 Nf5+ 36. Kd3 Nxh4 37. Bf3 Nxf3 0-1

[Event "Titled Tuesday intern op 05th Sep Late"]
[Site "Chess.com INT"]
[Date "2023.09.05"]
[Round "5"]
[White "Buchenau, Frank"]
[Black "Fominykh, Maria"]
[Result "1-0"]
[WhiteElo "2135"]
[BlackElo "2186"]
[PlyCount "89"]
[EventDate "2023.09.05"]
[EventType "swiss (blitz)"]
[EventRounds "11"]
[EventCountry "USA"]
[SourceTitle "EXT 2024"]
[Source "ChessBase"]
[SourceDate "2023.10.10"]
[SourceVersion "1"]
[SourceVersionDate "2023.10.10"]
[SourceQuality "1"]

1. e4 e6 2. d4 d5 3. Nc3 Nf6 4. e5 Nfd7 5. f4 c5 6. Nf3 Nc6 7. Be3 a6 8. Ne2 b5 9. c3 Be7 10. g3 0-0 11. Bh3 Qb6 12. 0-0 cxd4 13. cxd4 Na5 14. b3 f5 15. g4 g6 16. gxf5 exf5 17. Rc1 Nb7 18. Nc3 Qe6 19. Bg2 Nb6 20. Bf2 b4 21. Ne2 Bd7 22. Bh4 Bxh4 23. Nxh4 Rac8 24. Qd2 a5 25. Nf3 h6 26. h4 Bb5 27. Rfe1 Rxc1 28. Rxc1 Rc8 29. Rxc8+ Qxc8 30. h5 gxh5 31. Ng3 h4 32. Nh5 Qc3 33. Nf6+ Kf7 34. Qf2 Qc1+ 35. Ne1 Nd6 36. Nxd5 Ne4 37. Bxe4 fxe4 38. Nxb6 Bd7 39. Nxd7 e3 40. Qxh4 Qd2 41. Nf6 Qxd4 42. Qh5+ Ke6 43. Qg4+ Kf7 44. Qd7+ Kg6 45. Qxd4 1-0

[Event "Titled Tuesday intern op 05th Sep Late"]
[Site "Chess.com INT"]
[Date "2023.09.05"]
[Round "10"]
[White "Figorito, Nick"]
[Black "Fominykh, Maria"]
[Result "1-0"]
[WhiteElo "2036"]
[BlackElo "2186"]
[PlyCount "103"]
[EventDate "2023.09.05"]
[EventType "swiss (blitz)"]
[EventRounds "11"]
[EventCountry "USA"]
[SourceTitle "EXT 2024"]
[Source "ChessBase"]
[SourceDate "2023.10.10"]
[SourceVersion "1"]
[SourceVersionDate "2023.10.10"]
[SourceQuality "1"]

1. Nf3 Nf6 2. g3 g6 3. Bg2 Bg7 4. 0-0 0-0 5. c4 d6 6. Nc3 Nc6 7. d3 a6 8. Rb1 Rb8 9. b4 b5 10. cxb5 axb5 11. a3 Nd7 12. Bb2 Nd4 13. Nxd4 Bxd4 14. Qd2 c5 15. Nd5 Bxb2 16. Qxb2 Nb6 17. Nxb6 Qxb6 18. Rfc1 Be6 19. Rc2 c4 20. dxc4 Bxc4 21. a4 h5 22. a5 Qa7 23. h4 d5 24. Rbc1 e6 25. e3 Qe7 26. Bf1 Rfd8 27. Ra1 Rd7 28. Rc3 e5 29. Rcc1 Ra7 30. Rd1 Ra6 31. Rac1 Qe6 32. Kg2 Qc6 33. Kg1 Qe6 34. Bg2 Ra7 35. Rd2 Kh7 36. Rcd1 Rd7 37. Ra1 Rbd8 38. a6 Ra7 39. Ra3 Rxa6 40. Rd1 Rxa3 41. Qxa3 Rd6 42. Qa7 Ra6 43. Qc5 Ra2 44. Bxd5 Qg4 45. Rc1 Qe2 46. e4 Bxd5 47. exd5 e4 48. Rf1 Qf3 49. Qe3 Rb2 50. Qxf3 exf3 51. Rd1 Rxb4 52. d6 1-0

[Event "Titled Tuesday intern op 05th Sep Late"]
[Site "Chess.com INT"]
[Date "2023.09.05"]
[Round "1"]
[White "Fominykh, Maria"]
[Black "Crevatin, Leo"]
[Result "0-1"]
[WhiteElo "2186"]
[BlackElo "2292"]
[PlyCount "72"]
[EventDate "2023.09.05"]
[EventType "swiss (blitz)"]
[EventRounds "11"]
[EventCountry "USA"]
[SourceTitle "EXT 2024"]
[Source "ChessBase"]
[SourceDate "2023.10.10"]
[SourceVersion "1"]
[SourceVersionDate "2023.10.10"]
[SourceQuality "1"]

1. d4 Nf6 2. c4 e6 3. Nf3 d5 4. Nc3 Bb4 5. cxd5 exd5 6. Bg5 h6 7. Bxf6 Qxf6 8. Qa4+ Nc6 9. Ne5 0-0 10. Nxc6 Bxc3+ 11. bxc3 bxc6 12. e3 Qg6 13. f3 Rb8 14. Qa3 Re8 15. Kf2 Qc2+ 16. Be2 Rb2 17. Rhe1 Qd2 18. c4 dxc4 19. Rad1 Qb4 20. Qxb4 Rxb4 21. Rc1 Be6 22. Rc2 Reb8 23. Rec1 Rb2 24. e4 Rxc2 25. Rxc2 Rb4 26. Ke3 Kf8 27. Kd2 Ra4 28. Kc3 Ke7 29. Rb2 Ra3+ 30. Kb4 Ra6 31. Bxc4 Rb6+ 32. Kc3 Rxb2 33. Bxe6 Rxg2 34. Bg4 Rxh2 35. Kb4 h5 36. Bc8 h4 0-1

[Event "Titled Tuesday intern op 22nd Aug Late"]
[Site "Chess.com INT"]
[Date "2023.08.22"]
[Round "7"]
[White "Fominykh, Maria"]
[Black "Vanek, Tomas"]
[Result "0-1"]
[WhiteElo "2186"]
[BlackElo "2122"]
[PlyCount "104"]
[EventDate "2023.08.22"]
[EventType "swiss (blitz)"]
[EventRounds "11"]
[EventCountry "USA"]
[SourceTitle "EXT 2024"]
[Source "ChessBase"]
[SourceDate "2023.10.10"]
[SourceVersion "1"]
[SourceVersionDate "2023.10.10"]
[SourceQuality "1"]

1. d4 f5 2. Bg5 h6 3. Bh4 g5 4. Bg3 d6 5. e4 f4 6. Qh5+ Kd7 7. e5 fxg3 8. Bc4 e6 9. hxg3 d5 10. Bd3 Ne7 11. f4 Qe8 12. Qf3 Bg7 13. Ne2 b6 14. c4 Bb7 15. Nbc3 Nc8 16. cxd5 exd5 17. f5 Bxe5 18. dxe5 Qxe5 19. 0-0-0 Nd6 20. Nd4 Qxd4 21. Bb5+ Nxb5 22. Rxd4 Nxd4 23. Qd3 c5 24. f6 Nbc6 25. Nxd5 Ne5 26. Qe3 Rae8 27. Ne7 Ng4 28. Qd2 Nxf6 29. Ng6 Rh7 30. Rf1 Re6 31. Nf8+ Ke7 32. Nxh7 Nxh7 33. Qf2 Nf6 34. Re1 Ne4 35. Qf1 Bc6 36. b3 Bd5 37. Qg1 Nxg3 38. Rxe6+ Kxe6 39. Qe3+ Ne4 40. Qh3+ Nf5 41. g4 Nh4 42. Qf1 Ke5 43. Qf8 Kd4 44. Qxh6 Nf3 45. Qg7+ Ne5 46. Qh8 Nf2 47. Kd2 Ne4+ 48. Ke2 Nc3+ 49. Kf2 Ne4+ 50. Kg2 b5 51. Kh3 c4 52. Qg7 c3 0-1

[Event "Titled Tuesday intern op 08th Aug Early"]
[Site "Chess.com INT"]
[Date "2023.08.08"]
[Round "5"]
[White "Fominykh, Maria"]
[Black "Ansh, M Shah"]
[Result "1-0"]
[WhiteElo "2186"]
[BlackElo "2164"]
[PlyCount "91"]
[EventDate "2023.08.08"]
[EventType "swiss (blitz)"]
[EventRounds "11"]
[EventCountry "USA"]
[SourceTitle "EXT 2024"]
[Source "ChessBase"]
[SourceDate "2023.10.10"]
[SourceVersion "1"]
[SourceVersionDate "2023.10.10"]
[SourceQuality "1"]

1. d4 Nf6 2. c4 e6 3. Nf3 c5 4. d5 exd5 5. cxd5 d6 6. Nc3 g6 7. e4 Bg7 8. Bd3 0-0 9. 0-0 Re8 10. h3 c4 11. Bc2 b5 12. Nxb5 Nxe4 13. Bf4 a6 14. Nbd4 Bb7 15. Ba4 Re7 16. Bc6 Nxc6 17. dxc6 Bc8 18. Rc1 d5 19. b3 c3 20. c7 Rxc7 21. Bxc7 Qxc7 22. Ne2 Be6 23. Nfd4 Qb6 24. Qd3 Rc8 25. Kh2 Qd6+ 26. g3 Qb6 27. f3 Nd2 28. Rf2 Bf5 29. Qe3 Bd7 30. Rxc3 Rxc3 31. Qxc3 Nb1 32. Qd3 Na3 33. Rf1 Nb5 34. Nxb5 Bxb5 35. Qd2 d4 36. Rg1 d3 37. Nf4 Bh6 38. Rg2 Qd6 39. h4 Bxf4 40. Qxf4 Qxf4 41. gxf4 Kg7 42. Rd2 Kf6 43. a4 Bc6 44. Rxd3 Bd7 45. Rxd7 Ke6 46. Ra7 1-0